000 00683nam a2200253 i 4500
001 C2-0307535
003 PPAK
005 20180728094246.0
008 110302s2008 my a|||| ||||| | may d
022 _a1394-2212
040 _aPPAK
_beng
_cPPAK
_erda
082 0 4 _a959.5111
_223
090 0 0 _a959.5111
_bWAR
_dKK
245 0 0 _aWarisan Indera Kayangan
264 1 _aPerlis :
_bPerbadanan Perpustakaan Awam Perlis ,
_c2008
300 _a36 pages :
_billustrations ;
_c28 cm
336 _2rdacontent
_atext
337 _2rdamedia
_aunmediated
338 _2rdacarrier
_avolume
500 _aBil. XX, 2008
650 1 0 _aPerlis - History
700 _eauthor
942 _ddc
_cB
999 _c110280
_d110280